00562nam a2200193 a 4500001001300000003000900013005001700022008004100039020001000080082001600090100003100106245006000137260004600197300001000243500003500253505002000288650002900308700003100337nice12345678IN_TiNIC20260116013135.0050524s1994 newa grp 000 0 eng  ac34700a230.82bMOL aMollenkot, Virginia, Ramey aDivine Feminineb the Biblical Imagery of God as Female aNew YorkbCross Road Publishing Co.c1994 a119p. aincludes index and biblioraphy2 aIndex of author aWomen-Christian Theology1 aMollenkot, Virginia, Ramey